Miesiące po Szwedzku - Statystyki

Ogólne statystyki
  • Ten quiz został rozwiązany 14 razy
  • Średni wynik to 10 z 12
Statystyki odpowiedzi
Miesiąc Tłumaczenie na Szwedzki % Poprawnych
Maj Maj
100%
Kwiecień April
91%
Lipiec Juli
91%
Czerwiec Juni
91%
Sierpień Augusti
82%
Grudzień December
82%
Luty Februari
82%
Styczeń Januari
82%
Listopad November
82%
Październik Oktober
82%
Wrzesień September
82%
Marzec Mars
73%
Nie znaleziono quizów pasujących do podanych kryteriów
Rozkład punktacji
Procent ludzi z każdym wynikiem
Percentyl według liczby udzielonych odpowiedzi
Twoja historia wyników
Nie rozwiązałeś tego quizu